Normal view
MARC view
- Network computers
Entry Topical Term
001 - CONTROL NUMBER
- control field: 95834
003 - CONTROL NUMBER IDENTIFIER
- control field: NUST
005 - DATE AND TIME OF LATEST TRANSACTION
- control field: 20220729185225.0
008 - FIXED-LENGTH DATA ELEMENTS
- fixed length control field: 220729|| aca||aabn | a|a d
040 ## - CATALOGING SOURCE
- Original cataloging agency: NUST
- Transcribing agency: NUST
150 ## - HEADING--TOPICAL TERM
- Topical term or geographic name entry element: Network computers
670 ## - SOURCE DATA FOUND
- Source citation: Work cat.: (NUST)174813: Chorafas, Dimitris N. 36575, Network computers versus high performance computers /, 1997.
